[Event "CZECH OPEN 2011 "]
[Site "Pardubice (CZE)"]
[Date "2011.07.25"]
[Round "4.71"]
[White "Andre, Gordon"]
[Black "Pfretzschner, Roland"]
[Result "1-0"]
[WhiteElo "2368"]
[BlackElo "2240"]
[PlyCount "69"]
[EventDate "2011.07.22"]

1. Nf3 c5 2. c4 Nf6 3. Nc3 Nc6 4. d4 cxd4 5. Nxd4 e6 6. g3 Qb6 7. Nb3 Ne5 8. e4
Bb4 9. Qe2 d6 10. Be3 Bxc3+ 11. bxc3 Qc7 12. f4 Nc6 13. Bg2 O-O 14. c5 dxc5 15.
Bxc5 Rd8 16. e5 Na5 17. Bb4 Nxb3 18. axb3 Nd5 19. Bxd5 exd5 20. O-O Bh3 21.
Rfc1 a5 22. Bd6 Qb6+ 23. Qf2 Qxb3 24. Rab1 Qc4 25. Rxb7 Rdc8 26. f5 Qe4 27. e6
fxe6 28. fxe6 Bxe6 29. Re1 Qg6 30. Be5 Bf7 31. Rf1 Rf8 32. Qc5 Rad8 33. Qxa5
Qe4 34. Bd4 Ra8 35. Rbxf7 1-0

[Event "CZECH OPEN 2011 "]
[Site "Pardubice (CZE)"]
[Date "2011.07.25"]
[Round "4.78"]
[White "Graf, Felix"]
[Black "Orujov, Shujaat Ismiali Oglu"]
[Result "1-0"]
[WhiteElo "2352"]
[BlackElo "2204"]
[PlyCount "75"]
[EventDate "2011.07.22"]

1. d4 Nf6 2. c4 g6 3. Nc3 Bg7 4. Nf3 O-O 5. Bg5 d6 6. e3 Nbd7 7. Be2 h6 8. Bh4
Re8 9. O-O c6 10. Qc2 Qc7 11. b4 e5 12. dxe5 Nxe5 13. Nd4 Bd7 14. h3 g5 15. Bg3
Rad8 16. Rac1 Bc8 17. Rfd1 Qb6 18. a3 Qc7 19. Rd2 Qe7 20. Rcd1 Bf8 21. Nf5 Qe6
22. Nd4 Qe7 23. Re1 c5 24. Nf3 cxb4 25. axb4 a6 26. Red1 b6 27. b5 a5 28. Na4
Qc7 29. Nxe5 dxe5 30. Rxd8 Rxd8 31. Rxd8 Qxd8 32. Bxe5 Nd7 33. Bd4 Qc7 34. Qf5
Bg7 35. Qe4 Bf8 36. Bd3 Bc5 37. Nxc5 Nxc5 38. Qe8# 1-0

[Event "CZECH OPEN 2011 "]
[Site "Pardubice (CZE)"]
[Date "2011.07.25"]
[Round "4.79"]
[White "Seifert, Christopher"]
[Black "Freisler, Pavel"]
[Result "1-0"]
[WhiteElo "2193"]
[BlackElo "2351"]
[PlyCount "103"]
[EventDate "2011.07.22"]

1. c4 Nf6 2. g3 c6 3. Bg2 d5 4. cxd5 cxd5 5. Nf3 Nc6 6. d4 Bf5 7. Nc3 e6 8. O-O
Be7 9. Nh4 Bg4 10. h3 Bh5 11. g4 Nd7 12. gxh5 Bxh4 13. e4 dxe4 14. Nxe4 Nf6 15.
Nxf6+ Qxf6 16. Qb3 O-O 17. Be3 Rab8 18. Rad1 Rfd8 19. Qa4 h6 20. d5 exd5 21.
Bxd5 Bg5 22. Qe4 Re8 23. Qg6 a6 24. a3 Rbd8 25. Qxf6 Bxf6 26. b3 Re5 27. Bf3
Rf5 28. Rxd8+ Nxd8 29. Kg2 b5 30. Rd1 Kf8 31. Rd7 Be7 32. b4 Ke8 33. Ra7 Rf6
34. Bd4 Re6 35. Bxg7 Bg5 36. Bg4 Rd6 37. Be5 Rd5 38. f4 Nc6 39. Rxa6 Nxe5 40.
fxg5 Nxg4 41. hxg4 Rxg5 42. Kg3 Rd5 43. Rxh6 Rd3+ 44. Kf4 Rxa3 45. Rb6 Kf8 46.
Rxb5 Kg7 47. Rc5 Ra4 48. Rc4 Kf6 49. g5+ Kg7 50. Ke5 Ra1 51. Kd6 Rb1 52. Kc6
1-0

[Event "CZECH OPEN 2011 "]
[Site "Pardubice (CZE)"]
[Date "2011.07.25"]
[Round "4.80"]
[White "Cerveny, Martin"]
[Black "Hladik, Josef"]
[Result "1/2-1/2"]
[WhiteElo "2347"]
[BlackElo "2141"]
[PlyCount "87"]
[EventDate "2011.07.22"]

1. d4 d5 2. c4 c6 3. Nf3 Nf6 4. e3 Bf5 5. cxd5 cxd5 6. Qb3 Qc7 7. Nc3 e6 8. Ne5
Nbd7 9. Bd2 Qb6 10. Bb5 Bd6 11. Rc1 Qd8 12. f4 O-O 13. O-O Nb6 14. a4 Nc8 15.
Be2 Ne4 16. Nxe4 Bxe4 17. a5 f6 18. Nd3 Bxd3 19. Bxd3 f5 20. Qxb7 Rb8 21. Qa6
Rxb2 22. Rc2 Rxc2 23. Bxc2 Rf7 24. Ba4 Rc7 25. Rb1 Kf7 26. g3 Kf6 27. Be1 Ne7
28. Qe2 Qc8 29. Qh5 Rc1 30. Bd7 Rxe1+ 31. Rxe1 Qxd7 32. Qxh7 Qa4 33. Qh4+ Kf7
34. Qh5+ g6 35. Qh7+ Ke8 36. Rb1 Qxa5 37. Qh8+ Kd7 38. Qa8 Bc7 39. Qb7 Nc8 40.
Qb2 Nd6 41. Ra1 Qb6 42. Qc2 a5 43. h3 Qc6 44. Qd1 1/2-1/2

[Event "CZECH OPEN 2011 "]
[Site "Pardubice (CZE)"]
[Date "2011.07.25"]
[Round "4.82"]
[White "Sazonova, Elena N"]
[Black "Biriukov, Oleg V"]
[Result "1-0"]
[WhiteElo "2131"]
[BlackElo "2339"]
[PlyCount "65"]
[EventDate "2011.07.22"]

1. e4 c5 2. Nf3 d6 3. d4 cxd4 4. Nxd4 Nf6 5. Nc3 a6 6. f4 e6 7. Qf3 Qb6 8. a3
Nc6 9. Nxc6 bxc6 10. Bd3 d5 11. b4 Qd4 12. Bd2 a5 13. Qf2 Qxf2+ 14. Kxf2 axb4
15. axb4 Rxa1 16. Rxa1 Bxb4 17. Ra8 O-O 18. e5 Bc5+ 19. Kf3 Nd7 20. Na4 Be7 21.
Ra7 Re8 22. Rc7 Nb8 23. Nb6 Ba6 24. Bxa6 Bd8 25. Rc8 Nxa6 26. Rxc6 Nb8 27. Rc8
Na6 28. Nd7 f5 29. Ba5 Kf7 30. Bxd8 Nb4 31. Nc5 Kg6 32. c3 Na2 33. Nb7 1-0

[Event "CZECH OPEN 2011 "]
[Site "Pardubice (CZE)"]
[Date "2011.07.25"]
[Round "4.92"]
[White "Sarkozy, Ladislav"]
[Black "Schueler, Hendrik"]
[Result "1-0"]
[WhiteElo "2364"]
[BlackElo "2216"]
[PlyCount "95"]
[EventDate "2011.07.22"]

1. e4 e5 2. Nf3 Nc6 3. d4 exd4 4. Nxd4 Nf6 5. Nxc6 bxc6 6. e5 Qe7 7. Qe2 Nd5 8.
c4 Nb6 9. Nc3 Qe6 10. Qe4 a5 11. Bd3 a4 12. O-O Ra5 13. Bf4 g6 14. Bg3 Bg7 15.
f4 Qe7 16. Rae1 O-O 17. f5 Qc5+ 18. Kh1 d5 19. Qh4 Nxc4 20. f6 Bh8 21. Bxc4
Qxc4 22. Rf4 Qd3 23. Qh6 g5 24. Qxg5+ Qg6 25. Qxg6+ hxg6 26. Rxa4 Rxa4 27. Nxa4
g5 28. Nc5 Kh7 29. Kg1 Kg6 30. Kf2 Bf5 31. Ke3 Rb8 32. b3 Rb4 33. a3 d4+ 34.
Kd2 Rb5 35. b4 Rb8 36. Kc1 Ra8 37. Kb2 Rd8 38. Rd1 Bg4 39. Rd2 Kf5 40. Kb3 Kg6
41. a4 Bf5 42. Kc4 d3 43. a5 Bg4 44. Kc3 Be2 45. Nxd3 Bxd3 46. Rxd3 Ra8 47. Kc4
Kf5 48. Rd7 1-0

[Event "CZECH OPEN 2011 "]
[Site "Pardubice (CZE)"]
[Date "2011.07.25"]
[Round "4.98"]
[White "Freeman, Gordon"]
[Black "Tjurin, Alexander P"]
[Result "1/2-1/2"]
[WhiteElo "2179"]
[BlackElo "2303"]
[PlyCount "70"]
[EventDate "2011.07.22"]

1. d4 Nf6 2. c4 e5 3. dxe5 Ng4 4. Nf3 Bc5 5. e3 Nc6 6. Nc3 O-O 7. Be2 Re8 8.
O-O Ncxe5 9. Nxe5 Nxe5 10. b3 d6 11. Bb2 Bf5 12. Na4 Qe7 13. Nxc5 dxc5 14. Qd5
c6 15. Qxe5 Qxe5 16. Bxe5 Rxe5 17. Rfd1 Ree8 18. Rd2 Red8 19. Rad1 Rxd2 20.
Rxd2 Kf8 21. h3 Ke7 22. Bg4 Bxg4 23. hxg4 a5 24. Kf1 a4 25. Ke2 b5 26. Kd3 axb3
27. axb3 Ra1 28. f4 h6 29. Kc3 Rc1+ 30. Kd3 g6 31. Ra2 Rd1+ 32. Ke4 Rc1 33. Kd3
Rb1 34. Kc2 Rg1 35. Kd3 Rd1+ 1/2-1/2

[Event "CZECH OPEN 2011 "]
[Site "Pardubice (CZE)"]
[Date "2011.07.25"]
[Round "4.27"]
[White "Schmidt-Schaeffer, Sebastian"]
[Black "Arutinian, David"]
[Result "0-1"]
[WhiteElo "2385"]
[BlackElo "2562"]
[PlyCount "133"]
[EventDate "2011.07.22"]

1. c4 c5 2. Nc3 b6 3. Nf3 Bb7 4. e4 d6 5. d4 cxd4 6. Nxd4 Nf6 7. f3 e6 8. Be3
Be7 9. Bd3 O-O 10. O-O Nbd7 11. Rc1 a6 12. b3 Rc8 13. Qe2 Qc7 14. Bb1 Rfe8 15.
Kh1 Qb8 16. Bg1 Bd8 17. Qd2 Bc7 18. Nde2 Ba8 19. a4 Rcd8 20. Qc2 Rc8 21. Qd1
Ne5 22. f4 Ned7 23. Ng3 Bb7 24. Nh5 Qa8 25. Nxf6+ Nxf6 26. Qe2 Bc6 27. Bd4 Nd7
28. Qg4 g6 29. f5 Ne5 30. Bxe5 dxe5 31. fxe6 fxe6 32. Rf6 Re7 33. Rcf1 Bd7 34.
h4 Rg7 35. Qf3 Bd6 36. h5 gxh5 37. Qxh5 Qb8 38. Bd3 Rf8 39. Rxf8+ Bxf8 40. Be2
Rg6 41. Qh3 Rh6 42. Bh5 Be8 43. g4 Bxh5 44. gxh5 Qe8 45. Kg2 Rxh5 46. Qg4+ Bg7
47. Rh1 Rxh1 48. Kxh1 Qf7 49. Kg2 Kf8 50. Ne2 Bh6 51. Ng3 Be3 52. Qf3 Bf4 53.
Qg4 a5 54. Nh5 Ke8 55. Kf3 Bg5+ 56. Ke2 h6 57. Qf3 Bf4 58. Qg4 Bg5 59. Qf3 Qe7
60. Qh3 Kd7 61. Qd3+ Kc6 62. Ng3 Qc5 63. Nf1 Qg1 64. Qh3 Kd6 65. Qf3 Bf4 66.
Qh5 Qg2+ 67. Ke1 0-1

[Event "CZECH OPEN 2011 "]
[Site "Pardubice (CZE)"]
[Date "2011.07.25"]
[Round "4.28"]
[White "Stupak, Kirill"]
[Black "Sabol, Marian"]
[Result "1-0"]
[WhiteElo "2530"]
[BlackElo "2372"]
[PlyCount "99"]
[EventDate "2011.07.22"]

1. d4 d5 2. Nf3 Nf6 3. c4 c6 4. Nc3 a6 5. a4 e6 6. g3 dxc4 7. Bg2 c5 8. dxc5
Qxd1+ 9. Nxd1 Bxc5 10. Ne3 Bd7 11. Ne5 Bb4+ 12. Bd2 Bxd2+ 13. Kxd2 Bc6 14. Nxc6
Nxc6 15. Bxc6+ bxc6 16. Nxc4 Rd8+ 17. Ke3 Rd5 18. Kf3 Ke7 19. b3 Rb8 20. Rab1
Nd7 21. Rhc1 c5 22. Kg2 f5 23. Rc3 g6 24. h4 Nb6 25. Ne3 Re5 26. Rbc1 c4 27.
Kf3 Nd5 28. Nxd5+ Rxd5 29. Rxc4 Rxb3+ 30. e3 Rb2 31. Rc7+ Rd7 32. R1c6 Rxc7 33.
Rxc7+ Kf6 34. Rc6 h6 35. Rxa6 g5 36. hxg5+ hxg5 37. g4 fxg4+ 38. Kg3 Rb4 39. a5
Ra4 40. Ra8 Kg7 41. a6 Kf7 42. a7 Kg7 43. e4 e5 44. Kxg4 Rxe4+ 45. Kxg5 Ra4 46.
Kf5 e4 47. Ke5 Kh7 48. Kd6 Ra6+ 49. Kd5 Ra4 50. Kc6 1-0

[Event "CZECH OPEN 2011 "]
[Site "Pardubice (CZE)"]
[Date "2011.07.25"]
[Round "4.30"]
[White "Looshnikov, Nikolai"]
[Black "Schuh, Dirk"]
[Result "1/2-1/2"]
[WhiteElo "2512"]
[BlackElo "2364"]
[PlyCount "188"]
[EventDate "2011.07.22"]

1. e4 Nf6 2. e5 Nd5 3. c4 Nb6 4. c5 Nd5 5. Bc4 e6 6. d4 b6 7. cxb6 axb6 8. Ne2
Ba6 9. Bxd5 exd5 10. Nbc3 d6 11. O-O dxe5 12. Re1 Be7 13. dxe5 Bxe2 14. Nxe2
O-O 15. Nf4 c6 16. Qg4 Qd7 17. e6 fxe6 18. Nxe6 Bc5 19. Re2 Na6 20. h3 Rf7 21.
Bd2 d4 22. Re4 d3 23. Rf1 b5 24. a4 Ba7 25. axb5 cxb5 26. b4 Nc7 27. Nc5 Qxg4
28. hxg4 Bxc5 29. bxc5 Ra2 30. Rd1 Rc2 31. Rd4 Ne6 32. Rxd3 Nxc5 33. Rd8+ Rf8
34. Rxf8+ Kxf8 35. Bb4 Rc4 36. Rd4 Rc1+ 37. Kh2 Ke8 38. Rd5 Na6 39. Re5+ Kf7
40. Ba3 Rc3 41. Rf5+ Kg6 42. Bd6 Rc6 43. Rd5 Nc7 44. Rd3 Ne8 45. Be5 Nf6 46.
Kh3 Rc1 47. Rd6 Kf7 48. f3 Rc5 49. Bb2 h5 50. gxh5 Rxh5+ 51. Kg3 Rg5+ 52. Kh2
Rd5 53. Rb6 Nd7 54. Rb7 Kg6 55. Bc3 Rd3 56. Bb4 Rd5 57. Kg3 Kf5 58. Kf2 Ke6 59.
Ra7 Kf7 60. Ke3 Kg6 61. Bc3 Nf6 62. Bd4 Rg5 63. g4 Rd5 64. Rb7 Kh6 65. Rb6 Kg5
66. Rb7 Kg6 67. Bb2 Rc5 68. Bd4 Rd5 69. Ba1 Rc5 70. Kf4 Rc4+ 71. Kg3 Rc5 72.
Kh4 Rc1 73. Bd4 Rh1+ 74. Kg3 Rd1 75. Bb2 Rd5 76. Kh4 Nd7 77. f4 Kf7 78. Rc7 Rd2
79. Kg5 Rd5+ 80. Kh4 Rd2 81. Bc3 Rd3 82. Rc6 Nf6 83. g5 Nd5 84. g6+ Ke8 85. Be5
Ne7 86. Rb6 Rd1 87. Rb8+ Kd7 88. Rxb5 Nxg6+ 89. Kg5 Rg1+ 90. Kf5 Ne7+ 91. Ke4
Re1+ 92. Kf3 Ng6 93. Bxg7 Rf1+ 94. Kg4 Nxf4 1/2-1/2

[Event "CZECH OPEN 2011 "]
[Site "Pardubice (CZE)"]
[Date "2011.07.25"]
[Round "4.44"]
[White "Racz, Zoltan"]
[Black "Batchuluun, Tsegmed"]
[Result "0-1"]
[WhiteElo "2271"]
[BlackElo "2427"]
[PlyCount "118"]
[EventDate "2011.07.22"]

1. e4 e6 2. d4 d5 3. Nc3 Nf6 4. e5 Nfd7 5. f4 c5 6. Nf3 Nc6 7. Be3 a6 8. Qd2 b5
9. a3 Qb6 10. Qf2 Bb7 11. Ne2 b4 12. a4 a5 13. f5 exf5 14. Nf4 cxd4 15. Nxd4
Nxd4 16. Bxd4 Bc5 17. Bxc5 Qxc5 18. Bb5 Qxf2+ 19. Kxf2 Ke7 20. Rhd1 Nb6 21. c3
bxc3 22. bxc3 Rhc8 23. Rab1 Rab8 24. Rb3 Ba8 25. Ba6 Nxa4 26. Rxb8 Rxb8 27.
Nxd5+ Bxd5 28. Rxd5 Nxc3 29. Rxa5 Ra8 30. Ke3 Nd5+ 31. Rxd5 Rxa6 32. Rb5 Ke6
33. Rb8 Kxe5 34. Rh8 Ra3+ 35. Kf2 h6 36. Ke2 Ra2+ 37. Kf3 Ra3+ 38. Ke2 Kf6 39.
Kf2 Rb3 40. Ke2 Ra3 41. Kf2 f4 42. Rg8 g5 43. Rb8 g4 44. Rg8 Kf5 45. Rh8 g3+
46. hxg3 fxg3+ 47. Ke2 Kf4 48. Rb8 Ra2+ 49. Kf1 f5 50. Rb4+ Kg5 51. Rb8 h5 52.
Rb3 Ra1+ 53. Ke2 h4 54. Rb8 Rg1 55. Kf3 Rf1+ 56. Ke3 Rf2 57. Rg8+ Kf6 58. Rh8
Rxg2 59. Rxh4 Rf2 0-1

[Event "CZECH OPEN 2011 "]
[Site "Pardubice (CZE)"]
[Date "2011.07.25"]
[Round "4.45"]
[White "Aguettaz, Maxime"]
[Black "Kulagin, Maxim"]
[Result "1-0"]
[WhiteElo "2426"]
[BlackElo "2263"]
[PlyCount "113"]
[EventDate "2011.07.22"]

1. Nf3 Nf6 2. c4 e6 3. g3 b6 4. Bg2 Bb7 5. O-O Be7 6. d4 O-O 7. Nc3 d6 8. d5 e5
9. Ne1 Nfd7 10. e4 a5 11. Rb1 Nc5 12. b3 Bg5 13. f4 exf4 14. gxf4 Bf6 15. Bb2
Re8 16. Qc2 Nba6 17. a3 Qd7 18. Nb5 Bxb2 19. Rxb2 Qg4 20. Kh1 Qg6 21. Nc3 Re7
22. b4 axb4 23. axb4 Nd7 24. Nf3 Nf6 25. Nh4 Qh5 26. Nf5 Ree8 27. Bf3 Qh3 28.
Bg2 Qh5 29. Bf3 Qh3 30. Qg2 Qxg2+ 31. Kxg2 g6 32. Nd4 Nd7 33. Ra1 Kh8 34. h4 h6
35. Nc6 f5 36. Rba2 fxe4 37. Bxe4 Kg7 38. Kf3 Kf7 39. Nb5 Rg8 40. Nbd4 Nf6 41.
Bd3 Rge8 42. Rg2 Rg8 43. Re1 Bxc6 44. Nxc6 Nb8 45. Re7+ Kf8 46. Rxc7 Ra3 47.
Ke3 Nbd7 48. Kd4 Nh5 49. Rxd7 Rxd3+ 50. Kxd3 Nxf4+ 51. Ke4 Nxg2 52. Rxd6 Nxh4
53. Rd8+ Kg7 54. Rxg8+ Kxg8 55. d6 Nf5 56. d7 Nd6+ 57. Kd5 1-0

[Event "CZECH OPEN 2011 "]
[Site "Pardubice (CZE)"]
[Date "2011.07.25"]
[Round "4.47"]
[White "Sakovich, Igor"]
[Black "Samolins, Vitalijs"]
[Result "1/2-1/2"]
[WhiteElo "2218"]
[BlackElo "2412"]
[PlyCount "139"]
[EventDate "2011.07.22"]

1. d4 f5 2. Nc3 Nf6 3. Bf4 e6 4. a3 c5 5. e3 d5 6. Nf3 a6 7. Be2 Nc6 8. Ne5 Bd7
9. O-O Be7 10. Rb1 O-O 11. Bf3 Rc8 12. Ne2 b5 13. Nxc6 Bxc6 14. c3 h6 15. Nc1
g5 16. Bg3 c4 17. Be2 a5 18. Re1 b4 19. axb4 axb4 20. f3 b3 21. Ra1 Bd6 22.
Bxd6 Qxd6 23. Bf1 Ra8 24. Rxa8 Rxa8 25. g3 Ra1 26. Qd2 Qc7 27. Ne2 Qa5 28. Kf2
Nd7 29. h4 Rxe1 30. Qxe1 Kf7 31. hxg5 hxg5 32. Ng1 Qa2 33. Qc1 Nf6 34. Bg2 Ke7
35. Nh3 g4 36. Nf4 Be8 37. Kg1 Kd7 38. Kh2 Bf7 39. Kg1 Ke7 40. Kh2 Kd7 41. Kg1
Bh5 42. Nxh5 Nxh5 43. Kf2 Nf6 44. Bh1 Kc7 45. Bg2 Kb6 46. Bh1 Ka5 47. Bg2 Ka6
48. Bh1 Ka5 49. Bg2 Nd7 50. fxg4 fxg4 51. e4 Nb6 52. exd5 exd5 53. Kg1 Kb5 54.
Kh1 Qa8 55. Kg1 Qe8 56. Qa1 Qe3+ 57. Kh2 Qe7 58. Kh1 Qd6 59. Kh2 Na4 60. Kh1
Qxg3 61. Qa3 Qh4+ 62. Kg1 Qe1+ 63. Kh2 Nb6 64. Qc5+ Ka6 65. Bxd5 Qh4+ 66. Kg1
Qg3+ 67. Kf1 Qd3+ 68. Kg2 Qh3+ 69. Kg1 Qg3+ 70. Kf1 1/2-1/2

[Event "CZECH OPEN 2011 "]
[Site "Pardubice (CZE)"]
[Date "2011.07.25"]
[Round "4.52"]
[White "Zvara, Petr"]
[Black "Lokander, Martin"]
[Result "0-1"]
[WhiteElo "2409"]
[BlackElo "2044"]
[PlyCount "100"]
[EventDate "2011.07.22"]

1. e4 e5 2. Nf3 Nc6 3. Bb5 a6 4. Ba4 Nf6 5. O-O Be7 6. Re1 b5 7. Bb3 O-O 8. a4
b4 9. d3 d6 10. c3 a5 11. Nbd2 Bd7 12. Nf1 Qc8 13. d4 Rb8 14. h3 Re8 15. Ng3 h6
16. Ba2 Bf8 17. Bc4 Nd8 18. Bd2 c5 19. dxe5 dxe5 20. cxb4 cxb4 21. Rc1 Qb7 22.
Qb3 Bc6 23. Bd3 Qd7 24. Bc2 Nb7 25. Red1 Nc5 26. Qc4 Qb7 27. Be3 Nxa4 28. Qb3
Nc5 29. Bxc5 Bxc5 30. Bd3 Bf8 31. Nd2 a4 32. Qc2 Rbc8 33. Nc4 Bb5 34. Qe2 Bxc4
35. Bxc4 Rc5 36. Bd3 Rxc1 37. Rxc1 Rd8 38. Bc4 Rd4 39. Nf5 Rxe4 40. Qf3 Qb6 41.
Bd3 Rf4 42. Rc8 Qe6 43. Qa8 Nd7 44. Bb5 Qxf5 45. Bxd7 Qxd7 46. Rxf8+ Kh7 47.
Rh8+ Kg6 48. Rd8 Qb5 49. g3 Rc4 50. h4 Qc6 0-1

[Event "CZECH OPEN 2011 "]
[Site "Pardubice (CZE)"]
[Date "2011.07.25"]
[Round "4.55"]
[White "Vlasak, Lukas"]
[Black "Vokac, Marek"]
[Result "1/2-1/2"]
[WhiteElo "2308"]
[BlackElo "2499"]
[PlyCount "65"]
[EventDate "2011.07.22"]

1. e4 e5 2. Nf3 Nc6 3. Bb5 a6 4. Ba4 d6 5. c3 Bd7 6. d4 Nf6 7. O-O Be7 8. Re1
O-O 9. h3 h6 10. d5 Na7 11. Bxd7 Qxd7 12. c4 c5 13. dxc6 Qxc6 14. Qe2 Rfc8 15.
Nbd2 Bd8 16. b3 Ba5 17. Bb2 b5 18. Rac1 Qe8 19. Red1 Nc6 20. Nf1 Bb4 21. a3 Bc5
22. b4 Bd4 23. Nxd4 Nxd4 24. Bxd4 exd4 25. Rxd4 d5 26. c5 dxe4 27. Ng3 Rd8 28.
Rxd8 Rxd8 29. Re1 Rd4 30. Nf5 Rd5 31. Nd6 Qe6 32. Qc2 Rd4 33. Rd1 1/2-1/2

[Event "CZECH OPEN 2011 "]
[Site "Pardubice (CZE)"]
[Date "2011.07.25"]
[Round "4.58"]
[White "Totsky, Leonid"]
[Black "Heidrich, Manfred"]
[Result "1-0"]
[WhiteElo "2484"]
[BlackElo "2312"]
[PlyCount "91"]
[EventDate "2011.07.22"]

1. Nf3 f5 2. e4 fxe4 3. Ng5 e5 4. d3 e3 5. Bxe3 Nc6 6. c4 Be7 7. Ne4 d6 8. Nbc3
Nf6 9. Be2 O-O 10. O-O Nd4 11. Bxd4 exd4 12. Nxf6+ Bxf6 13. Ne4 Be5 14. g3 c6
15. f4 Bf6 16. Qd2 d5 17. cxd5 cxd5 18. Nxf6+ Qxf6 19. Bf3 Be6 20. Rae1 Bf7 21.
Re5 Rfe8 22. Rfe1 Rxe5 23. Rxe5 Rc8 24. Bxd5 Bxd5 25. Rxd5 Qc6 26. Rxd4 Qc1+
27. Qxc1 Rxc1+ 28. Kf2 Rc2+ 29. Kf3 Rxb2 30. a4 Kf7 31. g4 Ke7 32. h4 g6 33.
Rd5 a6 34. a5 b5 35. axb6 Rxb6 36. h5 Rb7 37. Ra5 Ra7 38. hxg6 hxg6 39. Ke4 Ke6
40. d4 Ra8 41. d5+ Kd6 42. Kd4 Kd7 43. Ke5 Kc7 44. d6+ Kb6 45. Rd5 a5 46. Ke6
1-0

[Event "CZECH OPEN 2011 "]
[Site "Pardubice (CZE)"]
[Date "2011.07.25"]
[Round "4.59"]
[White "Bodnaruk, Anastasia"]
[Black "Nemcova, Katerina"]
[Result "1/2-1/2"]
[WhiteElo "2431"]
[BlackElo "2307"]
[PlyCount "94"]
[EventDate "2011.07.22"]

1. e4 e5 2. Nf3 Nc6 3. Bb5 a6 4. Ba4 Nf6 5. O-O Be7 6. Re1 b5 7. Bb3 O-O 8. a4
Bb7 9. d3 d6 10. c3 Re8 11. Nbd2 Bf8 12. Nf1 h6 13. Ng3 Na5 14. Ba2 c5 15. b4
cxb4 16. cxb4 Nc6 17. Bd2 d5 18. Qb3 Qd7 19. exd5 Nd4 20. Nxd4 Bxd5 21. Qb2
Bxa2 22. Nf3 Bd5 23. Nxe5 Qb7 24. f3 a5 25. bxa5 b4 26. Ne4 Nxe4 27. fxe4 Be6
28. d4 Rxa5 29. d5 Bd7 30. Rf1 f6 31. Nxd7 Qxd7 32. Qc2 Bd6 33. Bf4 Rc5 34. Qb1
Rc4 35. a5 Bc5+ 36. Kh1 Rexe4 37. Bg3 Qxd5 38. Qd1 Qg5 39. Qd8+ Kh7 40. Qd3
Rcd4 41. Qc2 Rc4 42. Qd3 Qg6 43. a6 Rc3 44. Qd7 Rd4 45. Qe6 Re4 46. Qd7 Rd4 47.
Qe6 Re4 1/2-1/2

[Event "CZECH OPEN 2011 "]
[Site "Pardubice (CZE)"]
[Date "2011.07.25"]
[Round "4.60"]
[White "Talla, Vladimir"]
[Black "Wagner, Dennis"]
[Result "1-0"]
[WhiteElo "2427"]
[BlackElo "2287"]
[PlyCount "85"]
[EventDate "2011.07.22"]

1. e4 c5 2. Nf3 e6 3. d4 cxd4 4. Nxd4 a6 5. Nc3 Qc7 6. Bd3 Nf6 7. f4 b5 8. Qe2
Bb7 9. Bd2 b4 10. Nd1 Nc6 11. Nxc6 Qxc6 12. Nf2 d5 13. e5 Ne4 14. Be3 Be7 15.
Bd4 O-O 16. O-O f5 17. exf6 Bxf6 18. Bxf6 Rxf6 19. Ng4 Rf7 20. Qe3 Qc7 21. a3
bxa3 22. Rxa3 Raf8 23. g3 d4 24. Qe2 Ng5 25. h4 Nh3+ 26. Kh2 Nxf4 27. Rxf4 Rxf4
28. gxf4 Qxf4+ 29. Kh3 e5 30. Bc4+ Kh8 31. Qxe5 Qc1 32. Rg3 Qh1+ 33. Nh2 Bc8+
34. Be6 Qb7 35. Bxc8 Qxc8+ 36. Rg4 Rf7 37. Kg3 h6 38. Rxd4 Qc6 39. Rd6 Qh1 40.
Qe8+ Kh7 41. Qxf7 Qg1+ 42. Kh3 Qe3+ 43. Qf3 1-0

[Event "CZECH OPEN 2011 "]
[Site "Pardubice (CZE)"]
[Date "2011.07.25"]
[Round "4.61"]
[White "Meskovs, Nikita"]
[Black "Biolek, Richard Jr"]
[Result "1-0"]
[WhiteElo "2273"]
[BlackElo "2409"]
[PlyCount "107"]
[EventDate "2011.07.22"]

1. d4 Nc6 2. Nf3 d5 3. c4 Bg4 4. cxd5 Bxf3 5. gxf3 Qxd5 6. e3 e5 7. Nc3 Bb4 8.
a3 Bxc3+ 9. bxc3 Nf6 10. Rb1 O-O-O 11. c4 Qa5+ 12. Bd2 Qxa3 13. d5 Nxd5 14.
cxd5 Rxd5 15. Qb3 Qxb3 16. Rxb3 Rhd8 17. Rb2 a6 18. Bc4 R5d7 19. Ke2 b5 20. Ba2
Kb7 21. Rc1 g6 22. Rbc2 f5 23. Be1 Rd6 24. Bd5 Rxd5 25. Rxc6 Rc8 26. Ba5 Rd7
27. R1c5 Re7 28. e4 fxe4 29. fxe4 Rf7 30. f3 Re7 31. h4 Rf7 32. Re6 Rd8 33. Bc3
Rd6 34. Rexe5 Rdf6 35. Ba5 b4 36. Red5 Rxf3 37. Rxc7+ Rxc7 38. Kxf3 Rc3+ 39.
Kf4 Rh3 40. Bxb4 Rxh4+ 41. Ke5 g5 42. Kd4 g4 43. Rc5 h5 44. Ba5 Rh1 45. Rc7+
Kb8 46. Rg7 h4 47. e5 Rd1+ 48. Kc4 Rc1+ 49. Bc3 Kc8 50. Rxg4 h3 51. Rh4 Rh1 52.
e6 h2 53. Rh8+ Kb7 54. e7 1-0

[Event "CZECH OPEN 2011 "]
[Site "Pardubice (CZE)"]
[Date "2011.07.25"]
[Round "4.62"]
[White "Nguyen, Chi-Minh"]
[Black "Jedlicka, Ales"]
[Result "1-0"]
[WhiteElo "2409"]
[BlackElo "2282"]
[PlyCount "71"]
[EventDate "2011.07.22"]

1. d4 Nf6 2. c4 g6 3. Nc3 Bg7 4. e4 d6 5. Bg5 O-O 6. Qd2 Na6 7. f4 Qe8 8. Nf3
e5 9. fxe5 dxe5 10. d5 Nc5 11. Qc2 h6 12. Be3 Qe7 13. O-O-O Ng4 14. Bg1 f5 15.
h3 Nf6 16. Nd2 b6 17. Be2 fxe4 18. g4 Nd3+ 19. Bxd3 exd3 20. Qxd3 e4 21. Ndxe4
Nxe4 22. Qxe4 Qxe4 23. Nxe4 Ba6 24. Bh2 Bxc4 25. Bxc7 Be2 26. Rde1 Bf3 27. Rhg1
Rac8 28. d6 Bd4 29. Rgf1 Be5 30. Nc3 Bf4+ 31. Kc2 Bg5 32. a4 Bg2 33. Rxf8+ Kxf8
34. Nb5 a6 35. Nd4 Bh4 36. Re3 1-0

[Event "CZECH OPEN 2011 "]
[Site "Pardubice (CZE)"]
[Date "2011.07.25"]
[Round "4.65"]
[White "Antipov, Mikhail Al"]
[Black "Varitski, Igor"]
[Result "1-0"]
[WhiteElo "2407"]
[BlackElo "2273"]
[PlyCount "79"]
[EventDate "2011.07.22"]

1. e4 c6 2. d4 d5 3. e5 Bf5 4. Nd2 e6 5. Nb3 Nd7 6. Nf3 Ne7 7. Be2 Nc8 8. a4
Be7 9. a5 a6 10. O-O O-O 11. Be3 Qc7 12. c4 dxc4 13. Bxc4 Na7 14. Qe2 c5 15.
Bf4 cxd4 16. Nfxd4 Bg6 17. Rac1 Nc6 18. Nxc6 Qxc6 19. Rfd1 Nc5 20. Nxc5 Bxc5
21. Bb3 b6 22. Rc3 Rfd8 23. Rxd8+ Rxd8 24. h4 h5 25. Bg5 Rb8 26. Bc2 Bxc2 27.
Qxc2 Qd5 28. Qe2 Bd4 29. Rd3 Qxe5 30. Qd2 Bc5 31. Bf4 Bxf2+ 32. Qxf2 Qb5 33.
Bxb8 Qxd3 34. axb6 Qb5 35. Bc7 f6 36. Qc2 e5 37. b3 Qa5 38. Qc4+ Kh7 39. b7
Qe1+ 40. Kh2 1-0

[Event "CZECH OPEN 2011 "]
[Site "Pardubice (CZE)"]
[Date "2011.07.25"]
[Round "4.81"]
[White "Roehrich, Stefan"]
[Black "Kriebel, Tadeas"]
[Result "0-1"]
[WhiteElo "2134"]
[BlackElo "2343"]
[PlyCount "100"]
[EventDate "2011.07.22"]

1. e4 e5 2. Nf3 Nc6 3. Bb5 Nd4 4. Nxd4 exd4 5. O-O Bc5 6. d3 c6 7. Bc4 d5 8.
exd5 cxd5 9. Bb3 Ne7 10. Re1 O-O 11. Bg5 f6 12. Bf4 Bf5 13. Qf3 Kh8 14. Nd2 Qd7
15. h3 Rad8 16. g4 Be6 17. Nf1 Ng6 18. Re2 Nh4 19. Qg3 g5 20. Bxg5 fxg5 21.
Qe5+ Qg7 22. Qxg7+ Kxg7 23. Rxe6 Ng6 24. Ng3 Kf7 25. Ree1 Bb4 26. Rf1 Nf4 27.
Kh2 Kg6 28. a3 Ba5 29. Ba4 Rf6 30. b4 Bc7 31. Bb3 h5 32. gxh5+ Nxh5 33. Kg1 Nf4
34. Rae1 Bd6 35. Ba4 Kf7 36. Bb3 Bb8 37. f3 Nxh3+ 38. Kg2 Nf4+ 39. Kf2 Kg6 40.
Re7 Rh8 41. Rh1 Nh3+ 42. Kg2 g4 43. Bxd5 Nf4+ 44. Kf2 Nxd5 45. Rxh8 Rxf3+ 46.
Ke2 Nc3+ 47. Kd2 Bf4+ 48. Ke1 Bxg3+ 49. Kd2 Rf2+ 50. Kc1 Rf1+ 0-1

[Event "CZECH OPEN 2011 "]
[Site "Pardubice (CZE)"]
[Date "2011.07.25"]
[Round "4.86"]
[White "Laubert, Johannes"]
[Black "Schneider, Ilja"]
[Result "0-1"]
[WhiteElo "2064"]
[BlackElo "2498"]
[PlyCount "100"]
[EventDate "2011.07.22"]

1. e4 c5 2. Nf3 g6 3. d4 Bg7 4. dxc5 Qa5+ 5. c3 Qxc5 6. Na3 Nf6 7. e5 Ng4 8.
Qd4 Qxd4 9. cxd4 b6 10. Nb5 Na6 11. Be2 Bb7 12. O-O O-O 13. Bg5 f6 14. Bh4 Nb4
15. Rac1 Nc6 16. Bc4+ Kh8 17. e6 a6 18. Nc7 Rac8 19. Bg3 d6 20. Nxa6 Bh6 21.
Rc3 Na5 22. Bb5 f5 23. Nc7 Nf6 24. Bxd6 exd6 25. e7 Rg8 26. e8=Q Nxe8 27. Bxe8
Rgxe8 28. Nxe8 Rxe8 29. Rc7 Bd5 30. b3 Nc6 31. Rd7 Bf4 32. Re1 Re4 33. g3 Nxd4
34. Rxe4 Nxf3+ 35. Kf1 Bxe4 36. gxf4 d5 37. Rb7 d4 38. Rxb6 d3 39. Rd6 Kg7 40.
Rd7+ Kf6 41. Rc7 Nxh2+ 42. Ke1 Nf3+ 43. Kd1 h5 44. a4 h4 45. a5 h3 46. a6 h2
47. Rh7 Bd5 48. a7 Bxb3+ 49. Kc1 d2+ 50. Kb2 d1=Q 0-1